Statystyki dla Pętle autobusowe w Poznaniu

Kliknij tutaj aby rozwiązać quiz!

Ogólne statystyki

  • Ten quiz został rozwiązany 106 razy
    (101 od ostatniego zresetowania)
  • Średni wynik to 23 z 55

Statystyki odpowiedzi

LiniePętla% Poprawnych
149, 163, 175, 180, 182, 193Górczyn PKM
90%
169, 174, 185, 188, 190, 191, 193, 198Osiedle Sobieskiego
85%
149, 175, 179Dębiec PKM
83%
177Junikowo
78%
121, 156, 161, 186, 195Ogrody
78%
160, 163, 176Garbary PKM
77%
152, 162, 166, 181, 184, 196Rondo Rataje
77%
157, 167, 173, 178, 183, 184 (czasem), 185Rondo Śródka
77%
158, 189, 194Starołęka PKM
77%
145, 164, 179Kacza
70%
100, 102, 159, 168Poznań Główny
67%
154Franowo
62%
168Strzeszyn PKM
60%
174, 194Unii Lubelskiej
60%
171, 182Osiedle Wichrowe Wzgórze
55%
148, 177Rondo Kaponiera
55%
148Ławica
53%
169, 191Osiedle Kopernika
53%
170Połabska
53%
322 (linia podmiejska)Piątkowska
50%
144, 146Boranta
48%
145Dworzec Zachodni
47%
100, 184Nowe Zoo
42%
171, 176Osiedle Dębina
42%
164, 170Puszkina
42%
167, 188Radojewo
40%
157Mogileńska
38%
154Spławie
38%
186, 195Kiekrz
37%
159Port Lotniczy Ławica
37%
121Meissnera
35%
178, 183Szarych Szeregów
35%
173Janikowo
33%
146, 160Stary Strzeszyn
33%
166Zieliniec
33%
190AWF
32%
184 (czasem)Termy Maltańskie
32%
152Darzybór
30%
156, 161Krzyżowniki
28%
144Kurpińskiego
28%
181Krzywoustego
27%
198UAM Osiedle Różany Potok
27%
154 (czasem)Krzesiny
22%
146 (czasem)Strzeszynek
22%
158Sypniewo
22%
124Instytut Technologiczno-Przyrodniczy
20%
124Safony
20%
180Sycowska Centrum Handlowe
18%
180 (czasem)Rudnicze
13%
102Muzeum Broni Pancernej
12%
527 (linia podmiejska, czasem)Głuszyna Kościół
8%
(linie nocne)Strzeszyn Grecki
8%
(linie nocne)Malwowa
7%
(linie nocne)Szwajcarska Szpital
7%
(linie nocne)Wichrowa
7%

Rozkład punktacji

Percentyl według liczby udzielonych odpowiedzi

Procent ludzi z każdym wynikiem

Twoja historia wyników

Nie rozwiązałeś tego quizu od ostatniego zresetowania